A systematic review and meta-analysis of artificial intelligence diagnostic accuracy in prostate cancer histology identification and grading: review article

Artificial intelligence (AI) is a promising tool in pathology, including cancer diagnosis, subtyping, grading, and prognostic prediction.

Saved in:
Bibliographic Details
Main Authors: Morozov, Andrey (Author) , Taratkin, Mark (Author) , Bazarkin, Andrey (Author) , Rivas, Juan Gomez (Author) , Puliatti, Stefano (Author) , Checcucci, Enrico (Author) , Belenchon, Ines Rivero (Author) , Kowalewski, Karl-Friedrich (Author) , Shpikina, Anastasia (Author) , Singla, Nirmish (Author) , Teoh, Jeremy Y. C. (Author) , Kozlov, Vasiliy (Author) , Rodler, Severin (Author) , Piazza, Pietro (Author) , Fajkovic, Harun (Author) , Yakimov, Maxim (Author) , Abreu, Andre Luis (Author) , Cacciamani, Giovanni E. (Author) , Enikeev, Dmitry (Author)
Format: Article (Journal)
Language:English
Published: 25 April 2023
In: Prostate cancer and prostatic diseases
Year: 2023, Volume: 26, Issue: 4, Pages: 681-692
ISSN:1476-5608
DOI:10.1038/s41391-023-00673-3
Online Access:Verlag, lizenzpflichtig, Volltext: https://doi.org/10.1038/s41391-023-00673-3
Verlag, lizenzpflichtig, Volltext: https://www.nature.com/articles/s41391-023-00673-3
Get full text
Author Notes:Andrey Morozov, Mark Taratkin, Andrey Bazarkin, Juan Gomez Rivas, Stefano Puliatti, Enrico Checcucci, Ines Rivero Belenchon, Karl-Friedrich Kowalewski, Anastasia Shpikina, Nirmish Singla, Jeremy YC Teoh, Vasiliy Kozlov, Severin Rodler, Pietro Piazza, Harun Fajkovic, Maxim Yakimov, Andre Luis Abreu, Giovanni E Cacciamani, Dmitry Enikeev and Young Academic Urologists (YAU) Working Group in Uro-technology of the European Association of Urology

MARC

LEADER 00000caa a2200000 c 4500
001 1879954613
003 DE-627
005 20240307024708.0
007 cr uuu---uuuuu
008 240205s2023 xx |||||o 00| ||eng c
024 7 |a 10.1038/s41391-023-00673-3  |2 doi 
035 |a (DE-627)1879954613 
035 |a (DE-599)KXP1879954613 
035 |a (OCoLC)1425200732 
040 |a DE-627  |b ger  |c DE-627  |e rda 
041 |a eng 
084 |a 33  |2 sdnb 
100 1 |a Morozov, Andrey  |e VerfasserIn  |0 (DE-588)1318320550  |0 (DE-627)187995639X  |4 aut 
245 1 2 |a A systematic review and meta-analysis of artificial intelligence diagnostic accuracy in prostate cancer histology identification and grading  |b review article  |c Andrey Morozov, Mark Taratkin, Andrey Bazarkin, Juan Gomez Rivas, Stefano Puliatti, Enrico Checcucci, Ines Rivero Belenchon, Karl-Friedrich Kowalewski, Anastasia Shpikina, Nirmish Singla, Jeremy YC Teoh, Vasiliy Kozlov, Severin Rodler, Pietro Piazza, Harun Fajkovic, Maxim Yakimov, Andre Luis Abreu, Giovanni E Cacciamani, Dmitry Enikeev and Young Academic Urologists (YAU) Working Group in Uro-technology of the European Association of Urology 
264 1 |c 25 April 2023 
300 |b Illustrationen 
300 |a 12 
336 |a Text  |b txt  |2 rdacontent 
337 |a Computermedien  |b c  |2 rdamedia 
338 |a Online-Ressource  |b cr  |2 rdacarrier 
500 |a Gesehen am 05.02.2024 
520 |a Artificial intelligence (AI) is a promising tool in pathology, including cancer diagnosis, subtyping, grading, and prognostic prediction. 
650 4 |a Cancer screening 
650 4 |a Prostate cancer 
700 1 |a Taratkin, Mark  |e VerfasserIn  |4 aut 
700 1 |a Bazarkin, Andrey  |e VerfasserIn  |4 aut 
700 1 |a Rivas, Juan Gomez  |e VerfasserIn  |4 aut 
700 1 |a Puliatti, Stefano  |e VerfasserIn  |4 aut 
700 1 |a Checcucci, Enrico  |e VerfasserIn  |4 aut 
700 1 |a Belenchon, Ines Rivero  |e VerfasserIn  |4 aut 
700 1 |a Kowalewski, Karl-Friedrich  |d 1989-  |e VerfasserIn  |0 (DE-588)1100724192  |0 (DE-627)859518825  |0 (DE-576)469770740  |4 aut 
700 1 |a Shpikina, Anastasia  |e VerfasserIn  |4 aut 
700 1 |a Singla, Nirmish  |e VerfasserIn  |4 aut 
700 1 |a Teoh, Jeremy Y. C.  |e VerfasserIn  |4 aut 
700 1 |a Kozlov, Vasiliy  |e VerfasserIn  |4 aut 
700 1 |a Rodler, Severin  |e VerfasserIn  |4 aut 
700 1 |a Piazza, Pietro  |e VerfasserIn  |4 aut 
700 1 |a Fajkovic, Harun  |e VerfasserIn  |4 aut 
700 1 |a Yakimov, Maxim  |e VerfasserIn  |4 aut 
700 1 |a Abreu, Andre Luis  |e VerfasserIn  |4 aut 
700 1 |a Cacciamani, Giovanni E.  |e VerfasserIn  |4 aut 
700 1 |a Enikeev, Dmitry  |e VerfasserIn  |4 aut 
773 0 8 |i Enthalten in  |t Prostate cancer and prostatic diseases  |d Basingstoke : Stockton Press, 1997  |g 26(2023), 4, Seite 681-692  |h Online-Ressource  |w (DE-627)32047383X  |w (DE-600)2008886-3  |w (DE-576)252074440  |x 1476-5608  |7 nnas  |a A systematic review and meta-analysis of artificial intelligence diagnostic accuracy in prostate cancer histology identification and grading review article 
773 1 8 |g volume:26  |g year:2023  |g number:4  |g pages:681-692  |g extent:12  |a A systematic review and meta-analysis of artificial intelligence diagnostic accuracy in prostate cancer histology identification and grading review article 
856 4 0 |u https://doi.org/10.1038/s41391-023-00673-3  |x Verlag  |x Resolving-System  |z lizenzpflichtig  |3 Volltext 
856 4 0 |u https://www.nature.com/articles/s41391-023-00673-3  |x Verlag  |z lizenzpflichtig  |3 Volltext 
951 |a AR 
992 |a 20240205 
993 |a Article 
994 |a 2023 
998 |g 1100724192  |a Kowalewski, Karl-Friedrich  |m 1100724192:Kowalewski, Karl-Friedrich  |d 60000  |d 63100  |e 60000PK1100724192  |e 63100PK1100724192  |k 0/60000/  |k 1/60000/63100/  |p 8 
999 |a KXP-PPN1879954613  |e 4476435165 
BIB |a Y 
SER |a journal 
JSO |a {"physDesc":[{"noteIll":"Illustrationen","extent":"12 S."}],"origin":[{"dateIssuedKey":"2023","dateIssuedDisp":"25 April 2023"}],"language":["eng"],"id":{"eki":["1879954613"],"doi":["10.1038/s41391-023-00673-3"]},"name":{"displayForm":["Andrey Morozov, Mark Taratkin, Andrey Bazarkin, Juan Gomez Rivas, Stefano Puliatti, Enrico Checcucci, Ines Rivero Belenchon, Karl-Friedrich Kowalewski, Anastasia Shpikina, Nirmish Singla, Jeremy YC Teoh, Vasiliy Kozlov, Severin Rodler, Pietro Piazza, Harun Fajkovic, Maxim Yakimov, Andre Luis Abreu, Giovanni E Cacciamani, Dmitry Enikeev and Young Academic Urologists (YAU) Working Group in Uro-technology of the European Association of Urology"]},"relHost":[{"type":{"bibl":"periodical","media":"Online-Ressource"},"recId":"32047383X","id":{"zdb":["2008886-3"],"eki":["32047383X"],"issn":["1476-5608"]},"disp":"A systematic review and meta-analysis of artificial intelligence diagnostic accuracy in prostate cancer histology identification and grading review articleProstate cancer and prostatic diseases","pubHistory":["1.1997/98 -"],"note":["Gesehen am 15.03.04"],"title":[{"title":"Prostate cancer and prostatic diseases","title_sort":"Prostate cancer and prostatic diseases"}],"language":["eng"],"part":{"year":"2023","extent":"12","issue":"4","pages":"681-692","text":"26(2023), 4, Seite 681-692","volume":"26"},"origin":[{"dateIssuedDisp":"1997-","publisherPlace":"Basingstoke","publisher":"Stockton Press","dateIssuedKey":"1997"}],"physDesc":[{"extent":"Online-Ressource"}]}],"title":[{"title_sort":"systematic review and meta-analysis of artificial intelligence diagnostic accuracy in prostate cancer histology identification and grading","title":"A systematic review and meta-analysis of artificial intelligence diagnostic accuracy in prostate cancer histology identification and grading","subtitle":"review article"}],"recId":"1879954613","type":{"media":"Online-Ressource","bibl":"article-journal"},"note":["Gesehen am 05.02.2024"],"person":[{"display":"Morozov, Andrey","given":"Andrey","family":"Morozov","role":"aut"},{"family":"Taratkin","given":"Mark","role":"aut","display":"Taratkin, Mark"},{"given":"Andrey","family":"Bazarkin","role":"aut","display":"Bazarkin, Andrey"},{"display":"Rivas, Juan Gomez","role":"aut","family":"Rivas","given":"Juan Gomez"},{"display":"Puliatti, Stefano","given":"Stefano","family":"Puliatti","role":"aut"},{"display":"Checcucci, Enrico","given":"Enrico","family":"Checcucci","role":"aut"},{"family":"Belenchon","given":"Ines Rivero","role":"aut","display":"Belenchon, Ines Rivero"},{"display":"Kowalewski, Karl-Friedrich","role":"aut","family":"Kowalewski","given":"Karl-Friedrich"},{"display":"Shpikina, Anastasia","role":"aut","family":"Shpikina","given":"Anastasia"},{"given":"Nirmish","family":"Singla","role":"aut","display":"Singla, Nirmish"},{"role":"aut","family":"Teoh","given":"Jeremy Y. C.","display":"Teoh, Jeremy Y. C."},{"display":"Kozlov, Vasiliy","role":"aut","given":"Vasiliy","family":"Kozlov"},{"role":"aut","given":"Severin","family":"Rodler","display":"Rodler, Severin"},{"display":"Piazza, Pietro","family":"Piazza","given":"Pietro","role":"aut"},{"family":"Fajkovic","given":"Harun","role":"aut","display":"Fajkovic, Harun"},{"given":"Maxim","family":"Yakimov","role":"aut","display":"Yakimov, Maxim"},{"family":"Abreu","given":"Andre Luis","role":"aut","display":"Abreu, Andre Luis"},{"display":"Cacciamani, Giovanni E.","family":"Cacciamani","given":"Giovanni E.","role":"aut"},{"role":"aut","given":"Dmitry","family":"Enikeev","display":"Enikeev, Dmitry"}]} 
SRT |a MOROZOVANDSYSTEMATIC2520